000 00933nam a22002777i 4500
001 IT\ICCU\SBL\0488180
003 ItRI
005 20260115232231.0
008 910930s1958 it |||||| ||||| |||||c
015 _2IT
_a583070
040 _bita
_cimportazione bologna sebina
041 7 _aita
_2ISO-639-2
082 _a220.9
_9STORIA E GEOGRAFIA BIBLICA
_215
100 1 _aCooper, Alfred Duff
_0IT\ICCU\RAVV\035261
_4aut
240 1 0 _aDavid.
_3IT\ICCU\SBL\0488181
_9Cooper, Alfred Duff
245 1 0 _aDavide /
_cDuff Cooper.
260 _aMilano :
_bLonganesi,
_c1958
300 _a282 p. ;
_c19 cm
500 _aTrad. di Adriana Usiglio.
650 7 _aDavid
700 1 _aUsiglio, Adriana
_0IT\ICCU\SBLV\228349
790 1 _aCooper, Duff
_3IT\ICCU\RAVV\298958
_zCooper, Alfred Duff
790 1 _aDuff Cooper, Alfred
_3IT\ICCU\RAVV\298961
_zCooper, Alfred Duff
830 2 _aI marmi ;
_v17
_0IT\ICCU\CFI\0048930
942 _2ddc
_cBK
_n0
999 _c19245
_d19245